000 00930nam a22002177a 4500
003 OSt
005 20260311064245.0
008 260311b |||||||| |||| 00| 0 eng d
020 _a044808936
040 _aDWCL GS lib
_cOC
082 _aFic. D621s 2008
100 _aDixon Franklin W.
245 _aThe Secret Of Pirates' Hill
_cFranklin W. Dixon
260 _aCanada
_bFranklin W. Dixon
_c1956
300 _aExtent- vii, 178 pages:
_billustration
_c20cm
520 _aFrank and Joe Hardy investigate dangerous underwater mysteries near Bayport while searching for a sunken 18th-century Spanish cannon.
650 _aadventure, courage, and professional ethics, as Frank and Joe Hardy navigate dangerous situations.
650 _a (Book 36), the moral lessons focus on themes of persistence, teamwork, and the importance of integrity when facing dangerous temptation.
700 _aFranklin W. Dixon
942 _2ddc
_cFIC.
_n0
999 _c8953
_d8953